000 00468nam a2200169Ia 4500
005 20250627024120.0
008 240331s9999 xx 000 0 und d
020 _a9552104904
082 _bATH
_a370
100 _aAthapaththu,R.B
245 0 _aWishvaya saha apata penena grahaloka ha tharu
250 _a2nd
260 _aNugegoda
_bM. D. Gunasena & Co
_c1992
300 _a222 p .,
500 _aA book on The universe and the planets and stars we see
942 _cL
999 _c5016
_d5016